[Event "Palace Hotel Open"]
[Site "Heviz HUN"]
[Date "2008.03.21"]
[Round "2"]
[White "Takacs,B"]
[Black "Sanchez Guirado,F"]
[Result "1/2-1/2"]
[WhiteElo "2269"]
[BlackElo "2414"]

1.e4 c5 2.Nf3 d6 3.d4 cxd4 4.Nxd4 Nf6 5.Nc3 Nc6 6.Bg5 e6 7.Qd2 a6 8.O-O-O h6
9.Bf4 Bd7 10.Nxc6 Bxc6 11.f3 d5 12.exd5 Nxd5 13.Nxd5 Qxd5 14.c4 Qxd2+ 15.Bxd2 Ba4
16.b3 Ba3+ 17.Kb1 Bc6 18.Bd3 a5 19.Rhe1 Ke7 20.Re5 Bb4 21.Bc1 Rhd8 22.Re2 a4
23.Bb2 Kf8 24.Kc2 Rd7 25.Be4 Rxd1 26.Kxd1 a3 27.Bc1 Rd8+ 28.Kc2 Ke7 29.Bxc6 bxc6
30.Bd2 Bxd2 31.Rxd2 Rb8 32.c5 Rb5 33.Kc3 Rxc5+ 34.Kb4 Rc1 35.Kxa3 c5 36.Kb2 Re1
37.a4 Re5 38.a5 c4 39.b4 Re3 40.Kb1 Rb3+ 41.Rb2 Ra3 42.Ra2 Rb3+ 43.Kc2 Rxb4
44.a6 Rb8 45.Rb2 Ra8 46.Rb7+ Kd6 47.a7 f5 48.Kc3 Kd5 49.Rd7+ Kc5 50.Rxg7 e5
51.Rc7+ Kd5 52.Kb4 e4 53.fxe4+ fxe4 54.Rc5+ Kd6 55.Ra5 e3 56.Kc3 Kc6 57.g4 Kb6
58.Ra1 Kc5 59.h4 Kd5 60.g5 hxg5 61.hxg5 Ke6 62.Ra6+ Kf7 63.Kc2 Kg7 64.g6 Kh6
65.Kc3  1/2-1/2

[Event "SCT Ladies Open"]
[Site "Stockholm SWE"]
[Date "2008.03.21"]
[Round "2"]
[White "Ionica,I"]
[Black "Sudakova,I"]
[Result "1/2-1/2"]
[WhiteElo "2251"]
[BlackElo "2333"]

1.e4 c5 2.Nf3 d6 3.d4 cxd4 4.Nxd4 Nf6 5.Nc3 Nc6 6.Bg5 e6 7.Qd2 a6 8.O-O-O Bd7
9.f4 b5 10.Bxf6 gxf6 11.Kb1 Qb6 12.Nxc6 Bxc6 13.Qe1 Be7 14.Bd3 b4 15.Ne2 h5
16.f5 e5 17.Qh4 O-O-O 18.Bc4 Rdg8 19.h3 Rxg2 20.Rhe1 Rh7 21.Nc1 a5 22.Rd3 Qf2
23.Qxf2 Rxf2 24.Bd5 Bb5 25.Rg3 Kd7 26.Rg8 Bd8 27.Reg1 Ke7 28.a3 bxa3 29.bxa3 Rf3
30.R1g3 Rxg3 31.Rxg3 h4 32.Rb3 Ba6 33.Rb8 Kd7 34.c4 Rg7 35.Ra8 Bc8 36.Rb8 Bc7
37.Rb3 a4 38.Rd3 Rg3 39.Bxf7 Bb7 40.Bd5 Bxd5 41.cxd5 Bb6 42.Kc2 Bc5 43.Ne2 Rg2
44.Kd1 Rg8 45.Rc3 Rb8 46.Kc2 Bf2 47.Rd3 Be1 48.Nc3 Rc8 49.Re3 Bf2 50.Rf3 Bd4
51.Kd2 Rc4 52.Ne2 Bb6 53.Kd3 Rc8 54.Nc3 Bd4 55.Ne2 Bc5 56.Kd2 Bb6 57.Rf1 Ba5+
58.Kd3 Rb8 59.Ng1 Rb3+ 60.Kc4 Rxa3 61.Nf3 Re3 62.Kb5 Bd8 63.Nxh4 Rxh3 64.Ng6 a3
65.Nf8+ Ke8 66.Ne6 a2 67.Ra1 Rh2 68.Kb4 Re2 69.Kb3 Re3+ 70.Kxa2 Rxe4 71.Kb3 Be7
72.Kc3 Re3+ 73.Kd2 Rb3 74.Ke2 Rb7 75.Ra8+ Kf7 76.Ke3 Rb4 77.Rc8 Rb1 78.Ra8 Re1+
79.Kf2 Rd1 80.Ra5 Rd3 81.Ke2 Rb3 82.Kf2 e4 83.Ke2 Rc3 84.Ra7 Ke8 85.Ra8+ Kf7
86.Ra7 Ke8 87.Ra8+ Kf7  1/2-1/2

[Event "SCT Ladies Open"]
[Site "Stockholm SWE"]
[Date "2008.03.21"]
[Round "3"]
[White "Nemcova,Kat"]
[Black "Tkeshelashvili,S"]
[Result "0-1"]
[WhiteElo "2342"]
[BlackElo "2250"]

1.e4 c5 2.Nf3 Nc6 3.d4 cxd4 4.Nxd4 Nf6 5.Nc3 d6 6.Bg5 e6 7.Qd2 a6 8.f3 h6
9.Be3 Nxd4 10.Bxd4 b5 11.O-O-O b4 12.Na4 Rb8 13.Qf2 Bd7 14.Nb6 Bc6 15.Bxa6 Be7
16.Rhe1 O-O 17.Bd3 Qc7 18.Kb1 Rfd8 19.Nc4 Nd7 20.f4 e5 21.Be3 Bb5 22.Qe2 Ra8
23.Nb6 Nxb6 24.Bxb5 exf4 25.Bxf4 Bf6 26.Qd3 Ra5 27.Bxd6 Qa7 28.Bc4 Rxd6 29.Qxd6 Nxc4
30.Qd7 Rxa2 31.Qxa7 Rxa7 32.e5 Bxe5 33.Re4 Rc7 34.Rd5 Bf6 35.Re8+ Kh7 36.Rb8 Bxb2
37.Rxb4 Bc3 38.Ra4 Rb7+ 39.Kc1 Bb2+ 40.Kb1 Be5+  0-1

[Event "Spring Festival"]
[Site "Budapest HUN"]
[Date "2008.03.22"]
[Round "2"]
[White "Nagy,Ar"]
[Black "Yrjola,J"]
[Result "0-1"]
[WhiteElo "1892"]
[BlackElo "2376"]

1.e4 c5 2.Nf3 Nc6 3.d4 cxd4 4.Nxd4 Nf6 5.Nc3 d6 6.Bg5 e6 7.Qd2 a6 8.O-O-O Be7
9.f3 Nxd4 10.Qxd4 b5 11.Bxf6 gxf6 12.Kb1 Qc7 13.Bd3 Qc5 14.Ne2 Bb7 15.Qxc5 dxc5
16.c4 Bc6 17.b3 Rb8 18.Rd2 Bd6 19.g3 Ke7 20.Nc3 Rhd8 21.Rhd1 Be5 22.Kc2 Bd4
23.Re1 Rd7 24.Ne2 Bf2 25.Rf1 Be3 26.Rdd1 h5 27.Rfe1 h4 28.g4 Rbd8 29.Nc3 Bf4
30.Nd5+ Bxd5 31.exd5 Bxh2 32.cxb5 Bg3 33.Rh1 axb5 34.Bxb5 Rxd5 35.Bc4 Rxd1
36.Rxd1 Rh8 37.Bb5 Bd6 38.Rh1 h3 39.Bf1 h2 40.Bg2 f5 41.Rd1 Rg8 42.Bh1 fxg4
43.fxg4 Rxg4 44.a4 c4 45.a5 cxb3+ 46.Kxb3 Rb4+ 47.Kc3 Ra4 48.Kd3 Rxa5 49.Rf1 Rg5  0-1

[Event "2nd Agzamov Memorial"]
[Site "Tashkent UZB"]
[Date "2008.03.22"]
[Round "3"]
[White "Tologontegin,S"]
[Black "Zinchenko,Ya"]
[Result "0-1"]
[WhiteElo "2407"]
[BlackElo "2516"]

1.e4 c5 2.Nf3 d6 3.d4 cxd4 4.Nxd4 Nf6 5.Nc3 Nc6 6.Bg5 Qb6 7.Nb3 e6 8.Bxf6 gxf6
9.Qd2 Bd7 10.O-O-O O-O-O 11.f4 Kb8 12.Kb1 Na5 13.Be2 h5 14.Rhf1 Be7 15.Rf3 Nxb3
16.axb3 Rdg8 17.Bf1 Bc6 18.Re3 Qa5 19.f5 Qe5 20.h3 Rd8 21.Qe1 h4 22.b4 a6
23.b5 axb5 24.fxe6 fxe6 25.Rd5 Qf4 26.Rf3 Qh2 27.Rxb5 Bxb5 28.Nxb5 Qg1 29.Qa5 Rc8
30.Ka2 d5 31.exd5 exd5 32.Rf4 Bd8 33.Qd2 Qc5 34.c3 Rc6 35.Rf5 Bb6 36.Rxd5 Qe3
37.Qd1 Qe4 38.Na3 Rhc8 39.Qb3 Bc5 40.Bd3 Qxg2 41.Rd7 Rb6 42.Nb5 Ra6+ 43.Kb1 Qh1+
44.Kc2 Ra1 45.Bf5 Qc1+ 46.Kd3 Qf1+ 47.Kd2 Qf2+  0-1

[Event "15th Belisce Metalis Open"]
[Site "Bizovac CRO"]
[Date "2008.03.23"]
[Round "6"]
[White "Orak,L"]
[Black "Jovanovic,Zo CRO"]
[Result "0-1"]
[WhiteElo "2325"]
[BlackElo "2525"]

1.e4 c5 2.Nf3 Nc6 3.d4 cxd4 4.Nxd4 Nf6 5.Nc3 d6 6.Bg5 Bd7 7.Qd2 a6 8.O-O-O e6
9.f4 h6 10.Bh4 Nxe4 11.Qe1 Nf6 12.Nf5 Qa5 13.Nxd6+ Bxd6 14.Rxd6 Qc7 15.Qd2 O-O-O
16.Be2 Ne7 17.Rd3 Bc6 18.Bxf6 gxf6 19.Rxd8+ Rxd8 20.Bd3 f5 21.Qf2 Qd6 22.Rg1 Nd5
23.Nxd5 Bxd5 24.a3 Qc6 25.g3 Be4 26.Bxe4 fxe4 27.Rd1 Rxd1+ 28.Kxd1 Qd5+ 29.Ke1 Kc7
30.Qe3 Qc4 31.Kd2 Qd5+ 32.Ke1 Kd6 33.Qb6+ Ke7 34.Qe3 Qa5+ 35.Kf2 Qh5 36.Kg2 Qd5
37.Kf2 Qc4 38.Qd2 Qc5+ 39.Ke2 Qb5+ 40.Ke3 Qxb2 41.Kxe4 Qxa3 42.Qd4 f5+  0-1

[Event "Victor Ciocaltea mem"]
[Site "Bucharest ROM"]
[Date "2008.03.23"]
[Round "9"]
[White "Murariu,A"]
[Black "Shishkin,Va UKR"]
[Result "1/2-1/2"]
[WhiteElo "2483"]
[BlackElo "2493"]

1.e4 c5 2.Nf3 Nc6 3.d4 cxd4 4.Nxd4 Nf6 5.Nc3 d6 6.Bg5 Bd7 7.Qd2 h6 8.Bxf6 gxf6
9.Nb3 f5 10.O-O-O Bg7 11.exf5 Bxf5 12.Bd3 Qd7 13.Bxf5 Qxf5 14.Nd5 O-O-O 15.Na5 Rhe8
16.Nxc6 bxc6 17.Ne3 Qd7 18.Qa5 Qc7 19.Qa4 Kb8 20.Nc4 Ka8 21.Rd3 Rb8 22.Rb3 Rxb3
23.axb3 d5 24.Ne3 e6 25.Re1 Rb8 26.g3 Rb5 27.c3 Qa5 28.Qxa5 Rxa5 29.Kc2 Kb8  1/2-1/2

[Event "SCT Ladies Open"]
[Site "Stockholm SWE"]
[Date "2008.03.23"]
[Round "7"]
[White "Calzetta,M"]
[Black "Melia,S"]
[Result "1/2-1/2"]
[WhiteElo "2269"]
[BlackElo "2362"]

1.e4 c5 2.Nf3 d6 3.d4 cxd4 4.Nxd4 Nf6 5.Nc3 Nc6 6.Bg5 e6 7.Qd2 Qb6 8.O-O-O a6
9.Nxc6 bxc6 10.Bc4 Be7 11.Bb3 O-O 12.f3 Rd8 13.h4 c5 14.g4 Qc7 15.Qe2 Bb7
16.Rhe1 a5 17.a4 Ba6 18.Bc4 Bxc4 19.Qxc4 Rab8 20.Nb5 Qb6 21.Bf4 Ne8 22.g5 Nc7
23.Rd3 Nxb5 24.Rb3 Na3 25.bxa3 Qc6 26.Rb5 Rb7 27.Re3 Rdb8 28.Reb3 d5 29.exd5 exd5
30.Qe2 c4 31.Re3 Re8 32.Bd6 Rxb5 33.Rxe7 Rf8 34.axb5 Qxd6 35.Kb2 Qb6 36.a4 Qc5
37.c3 d4 38.Re8 dxc3+ 39.Kxc3 Qb4+ 40.Kd4 c3+ 41.Kd3 Qxa4 42.Kxc3 Qxh4 43.Qe7 Qb4+
44.Kc2 Qxe7 45.Rxe7 Rb8 46.Ra7 h6 47.Rxa5 hxg5 48.Kc3 Kh7 49.Kc4 Kg6 50.Kc5 f5
51.b6 Kh5 52.Kc6 g6 53.Ra4 g4 54.fxg4+ fxg4 55.Kc7 Rf8 56.b7 g3 57.Ra8 Rf7+
58.Kc6 Rxb7 59.Kxb7 g2 60.Ra1 Kg4 61.Kc6 Kf3 62.Kd5 Kf2 63.Ke5 g1=Q 64.Rxg1 Kxg1
65.Kf6  1/2-1/2

[Event "2nd Agzamov Memorial"]
[Site "Tashkent UZB"]
[Date "2008.03.23"]
[Round "4"]
[White "Gubaydulin,T"]
[Black "Tologontegin,S"]
[Result "1-0"]
[WhiteElo "2211"]
[BlackElo "2407"]

1.e4 c5 2.Nf3 d6 3.d4 cxd4 4.Nxd4 Nf6 5.Nc3 Nc6 6.Bg5 Qb6 7.Nb3 e6 8.Bf4 Ne5
9.Be3 Qc7 10.f4 Nc6 11.g4 a6 12.g5 Nd7 13.Qd2 b5 14.O-O-O Bb7 15.a3 Na5 16.Nxa5 Qxa5
17.Qd4 Rc8 18.Kb1 Qc7 19.h4 Nc5 20.Rh2 e5 21.Qd2 Be7 22.Nd5 Bxd5 23.Qxd5 exf4
24.Bxf4 O-O 25.Bh3 Rcd8 26.h5 Rfe8 27.Bf5 Bf8 28.g6 Ne6 29.Be3 Qe7 30.gxf7+ Qxf7
31.Rf2 Qd7 32.Rdf1 h6 33.Rg1 Kh8 34.Rg6 Nc7 35.Bxd7 Nxd5 36.Bxe8 Nf6 37.Bc6 Nxh5
38.Bd4 Kh7 39.Re6 Rc8 40.Be8 Nf6 41.Bxf6  1-0

[Event "15th Belisce Metalis Open"]
[Site "Bizovac CRO"]
[Date "2008.03.24"]
[Round "7"]
[White "Jovanovic,Zo CRO"]
[Black "Kozul,Z"]
[Result "1-0"]
[WhiteElo "2525"]
[BlackElo "2600"]

1.e4 c5 2.Nf3 d6 3.d4 cxd4 4.Nxd4 Nf6 5.Nc3 Nc6 6.Bg5 e6 7.Qd2 a6 8.O-O-O Bd7
9.f4 b5 10.Qe3 Nxd4 11.Rxd4 h6 12.Bxf6 gxf6 13.Be2 h5 14.Rhd1 Qb6 15.Bf3 Rc8
16.Kb1 Qc5 17.Qd2 b4 18.Ne2 a5 19.c3 bxc3 20.Nxc3 Be7 21.Be2 h4 22.a4 Kf8
23.Bb5 Bxb5 24.Nxb5 Rg8 25.Nxd6 Bxd6 26.Rxd6 Qc4 27.Rd4 Qb3 28.f5 Rg5 29.e5 Kg7
30.exf6+ Kxf6 31.fxe6 fxe6 32.Rxh4 Kg6 33.Qd7 Rc7 34.Qe8+ Rf7 35.Rd7  1-0

[Event "ch-WLS"]
[Site "Cardiff WLS"]
[Date "2008.03.24"]
[Round "6"]
[White "Kett,T"]
[Black "Williams,Lei"]
[Result "0-1"]
[WhiteElo "2243"]
[BlackElo "2389"]

1.e4 c5 2.Nf3 d6 3.d4 cxd4 4.Nxd4 Nf6 5.Nc3 Nc6 6.Bg5 Qb6 7.Nb3 e6 8.Bd3 Be7
9.O-O a6 10.Kh1 Qc7 11.f4 b5 12.Qe2 b4 13.Nd1 O-O 14.Ne3 Bb7 15.Rae1 h6 16.Bh4 Nxe4
17.Bxe7 Nxe7 18.f5 Nxf5 19.Nxf5 exf5 20.Qh5 Rae8 21.Qxf5 Re5 22.Qf4 g5 23.Qe3 f5
24.Bxe4 Rxe4 25.Qh3 Qxc2 26.Rd1 Rh4 27.Qg3 Rg4 28.Rd2 Qxd2 29.Nxd2 Rxg3 30.hxg3 Bd5
31.b3 Kg7 32.Rc1 Kf6 33.Rc7 Re8 34.Rh7 Re1+ 35.Kh2 Re2  0-1

[Event "SCT Ladies Open"]
[Site "Stockholm SWE"]
[Date "2008.03.24"]
[Round "8"]
[White "Tsereteli,T"]
[Black "Shaidullina,S"]
[Result "1/2-1/2"]
[WhiteElo "2365"]
[BlackElo "2306"]

1.e4 c5 2.Nf3 Nc6 3.d4 cxd4 4.Nxd4 Nf6 5.Nc3 d6 6.Bg5 e6 7.Qd2 Qb6 8.O-O-O a6
9.f3 Qxd4 10.Qxd4 Nxd4 11.Rxd4 Be7 12.Kb1 Rb8 13.a4 Bd7 14.a5 Bc6 15.Be2 d5
16.exd5 Nxd5 17.Nxd5 Bxg5 18.Nb4 Bf6 19.Rd2 O-O 20.Rhd1 Rfc8 21.Nxc6 Rxc6
22.Rd6 Rxd6 23.Rxd6 Be5 24.Rd7 Bxh2 25.Bd3  1/2-1/2

[Event "Victor Ciocaltea mem"]
[Site "Bucharest ROM"]
[Date "2008.03.25"]
[Round "11"]
[White "Chirila,I"]
[Black "Raceanu,V"]
[Result "1/2-1/2"]
[WhiteElo "2400"]
[BlackElo "2407"]

1.e4 c5 2.Nf3 Nc6 3.d4 cxd4 4.Nxd4 Nf6 5.Nc3 d6 6.Bg5 e6 7.Qd2 Be7 8.O-O-O Nxd4
9.Qxd4 O-O 10.h4 h6 11.f4 hxg5 12.hxg5 Ng4 13.Be2 e5 14.Qg1 exf4 15.Bxg4 Bxg4
16.Qh2 f5 17.Qh7+ Kf7 18.exf5 Bxg5 19.Ne4 f3+ 20.Kb1 fxg2 21.Qg6+ Kg8 22.Nxg5 Bxf5
23.Qh5 Qxg5 24.Qxg5 gxh1=Q 25.Rxh1 Rac8 26.Rc1 Bxc2+ 27.Ka1 Be4 28.Rxc8 Rxc8
29.b3 Re8 30.Kb2 a6 31.b4 Re6 32.a4 Kf7 33.Kc3 g6 34.Kd4 Ke8 35.b5 Re5 36.Qf6 axb5
37.axb5 Kd7 38.Qf7+ Re7 39.Qg8 Kc7 40.Qa8 Re5 41.Qa5+ Kd7 42.Qa2 Bf5 43.Qf7+ Re7
44.Qf8 Re4+ 45.Kc3 Re3+ 46.Kb4 Re8 47.Qg7+ Re7 48.Qc3 Ke6 49.Qd4 Rd7 50.Kc3 Rc7+
51.Kd2 Rc5 52.Qb4 Kd7 53.Ke3 Re5+ 54.Kf2 Bd3 55.b6 Be4 56.Qc4 Re7 57.Qg8 Bf5
58.Qc4 Be4 59.Qg8 Kc6 60.Qd8 Rf7+ 61.Ke3 Bf5 62.Kd4 Rd7 63.Qc8+ Kxb6 64.Kd5 Ka7
65.Qc3 Kb8  1/2-1/2

[Event "SCT Ladies Open"]
[Site "Stockholm SWE"]
[Date "2008.03.25"]
[Round "9"]
[White "Calzetta,M"]
[Black "Sudakova,I"]
[Result "0-1"]
[WhiteElo "2269"]
[BlackElo "2333"]

1.e4 c5 2.Nf3 d6 3.d4 cxd4 4.Nxd4 Nf6 5.Nc3 Nc6 6.Bg5 e6 7.Qd2 a6 8.O-O-O Bd7
9.f3 Rc8 10.Kb1 Be7 11.h4 Ne5 12.g4 b5 13.a3 O-O 14.Bxf6 Bxf6 15.g5 Be7 16.f4 Nc6
17.h5 Qb6 18.Nxc6 Bxc6 19.g6 Bf6 20.gxf7+ Kh8 21.h6 b4 22.hxg7+ Bxg7 23.Nd5 exd5
24.exd5 Rxf7 25.axb4 Bd7 26.Bd3 Bf5 27.Bxf5 Rxf5 28.Qh2 h5 29.c3 Qe3 30.Qg2 Qe8
31.Rde1 Qf7 32.Re6 Rc4 33.Rhe1 Rfxf4 34.Re8+ Kh7 35.Ka1 Rxc3 36.bxc3 Bxc3+
37.Kb1 Bxe1 38.Rxe1 Qg6+ 39.Qxg6+ Kxg6 40.Re6+ Rf6 41.Re8 Kg5 42.Ra8 h4 43.Rxa6 h3
44.Kb2 h2 45.Ra1 Kg4 46.Kc3 Kg3 47.Kc4 Rf2 48.Kb5 Rg2 49.Rh1 Rc2 50.Kb6 Kg2
51.Re1 h1=Q 52.Rxh1 Kxh1 53.b5 Kg2 54.Ka7 Kf3 55.b6 Ke4  0-1

[Event "2nd Agzamov Memorial"]
[Site "Tashkent UZB"]
[Date "2008.03.26"]
[Round "7"]
[White "Filippov,An UZB"]
[Black "Zinchenko,Ya"]
[Result "1/2-1/2"]
[WhiteElo "2502"]
[BlackElo "2516"]

1.e4 c5 2.Nf3 d6 3.d4 cxd4 4.Nxd4 Nf6 5.Nc3 Nc6 6.Bg5 e6 7.Qd2 a6 8.O-O-O Bd7
9.f4 h6 10.Bh4 g5 11.fxg5 Ng4 12.Be2 Nge5 13.Nf3 Be7 14.Rhg1 b5 15.Rdf1 b4
16.Nd1 hxg5 17.Bxg5 Bxg5 18.Nxg5 Qa5 19.Kb1 b3 20.Qxa5 bxc2+ 21.Kxc2 Nxa5
22.h3 Bb5 23.Bxb5+ axb5 24.b3 Nac6 25.Kb1 Nd4 26.Rf2 Ke7 27.Rgf1 f6 28.Rd2 Nxb3
29.axb3 fxg5 30.Nc3 Rab8 31.Rfd1 Rb6 32.Ra2 Nc6 33.Rad2 Rd8 34.Kb2 b4 35.Na4 Rb5
36.Rc1 Ne5 37.Rc7+ Rd7 38.Rc8 Ng6 39.Rc6 Ne5 40.Rc8 Ng6 41.Rc6  1/2-1/2

[Event "TCh-ISR"]
[Site "Israel ISR"]
[Date "2008.03.28"]
[Round "4"]
[White "Liss,E"]
[Black "Karpman,V"]
[Result "1/2-1/2"]
[WhiteElo "2488"]
[BlackElo "2389"]

1.e4 c5 2.Nf3 d6 3.d4 cxd4 4.Nxd4 Nf6 5.Nc3 Nc6 6.Bg5 e6 7.Qd2 Be7 8.O-O-O O-O
9.f3 Nxd4 10.Qxd4 Qa5 11.Qd2 Bd7 12.Kb1 Kh8 13.h4 Rac8 14.g4 Rfd8 15.Nb5 Qxd2
16.Rxd2 Bxb5 17.Bxb5 d5 18.e5 Ng8 19.c3  1/2-1/2

[Event "FKB ch-USA Qualifier"]
[Site "Tulsa USA"]
[Date "2008.03.29"]
[Round "5"]
[White "Brooks,M"]
[Black "Wheeler,Je"]
[Result "1-0"]
[WhiteElo "2478"]
[BlackElo "2135"]

1.e4 c5 2.Nf3 d6 3.d4 cxd4 4.Nxd4 Nf6 5.Nc3 Nc6 6.Bg5 Bd7 7.Bxf6 gxf6 8.Bc4 Qa5
9.Nb3 Qg5 10.g3 Bg4 11.Be2 h5 12.f4 Bxe2 13.Qxe2 Qg7 14.Qb5 O-O-O 15.Na5 Nxa5
16.Qxa5 Qg4 17.Nd5 Qd7 18.Qxa7 Qc6 19.O-O-O e6 20.Nb6+ Kc7 21.Rd3 d5 22.Rc3 Bc5
23.Qa5 Bxb6 24.Rxc6+ bxc6 25.Qe1 h4 26.a4 Ra8 27.b3 hxg3 28.hxg3 Bf2 29.Rxh8 Bxe1
30.Rxa8 Bxg3 31.Ra7+ Kb6 32.Rxf7 Bxf4+ 33.Kd1 Bg5 34.exd5 cxd5 35.Ke2 e5
36.b4 d4 37.Kd3  1-0

[Event "TCh-HUN 2007-8"]
[Site "Budapest HUN"]
[Date "2008.03.30"]
[Round "9"]
[White "Szabo,Zso2"]
[Black "Gonda,L"]
[Result "1-0"]
[WhiteElo "2445"]
[BlackElo "2502"]

1.e4 c5 2.Nf3 Nc6 3.d4 cxd4 4.Nxd4 Nf6 5.Nc3 d6 6.Bg5 e6 7.Qd2 a6 8.O-O-O Bd7
9.f4 b5 10.Bxf6 gxf6 11.Nxc6 Bxc6 12.Qe1 Be7 13.Bd3 Qa5 14.Kb1 O-O-O 15.f5 Rdg8
16.fxe6 fxe6 17.Qf2 Kb7 18.Rhe1 Qb6 19.Qf1 Bd8 20.Ne2 Rg5 21.Nf4 Re8 22.g3 Re5
23.c3 Ka7 24.Bc2 Bc7 25.Nd3 Rxe4 26.Qxf6 Qb7 27.Nb4 Rxe1 28.Rxe1 Bd7 29.Bxh7 a5
30.Nc2 e5 31.h4 b4 32.cxb4 axb4 33.Qf7 Bc6 34.Nxb4 Qxb4 35.Qxc7+ Bb7 36.Qc3  1-0

[Event "ch-TUR"]
[Site "Ankara TUR"]
[Date "2008.04.03"]
[Round "12"]
[White "Erdogdu,M"]
[Black "Firat,B"]
[Result "1-0"]
[WhiteElo "2434"]
[BlackElo "2182"]

1.e4 c5 2.Nf3 d6 3.d4 cxd4 4.Nxd4 Nf6 5.Nc3 Nc6 6.Bg5 e6 7.Qd2 Be7 8.O-O-O Nxd4
9.Qxd4 O-O 10.f3 a6 11.h4 b5 12.Kb1 Bb7 13.Qd2 Qc7 14.Ne2 h6 15.Be3 d5 16.e5 Nd7
17.f4 Nc5 18.Nd4 Ne4 19.Qc1 Rac8 20.g4 Ba3 21.Rd3 Bc5 22.Rg1 Qe7 23.Qe1 b4
24.g5 h5 25.g6 fxg6 26.Rxg6 Qf7 27.Rg1 a5 28.Bh3 Bxd4 29.Bxd4 g6 30.Rf3 Kh7
31.Rg2 Rg8 32.Rf1 Rc4 33.Qe3 Rcc8 34.Rfg1 Rcf8 35.Qe2 Bc8 36.Be3 d4 37.Bc1 Bb7
38.Qc4 Bd5 39.Qxd4 Qd7 40.Qe3 Rf5 41.Bxf5 exf5 42.Ka1 Bf7 43.Qd3 Qe6 44.b3 a4
45.Bb2 axb3 46.cxb3 Rc8 47.Rc1 Ra8 48.Kb1 Qe7 49.e6 Bxe6 50.Rgc2  1-0

[Event "6th V.Nabokov Mem"]
[Site "Kyiv UKR"]
[Date "2008.04.06"]
[Round "4"]
[White "Nyzhnyk,I"]
[Black "Shishkin,Va UKR"]
[Result "1/2-1/2"]
[WhiteElo "2397"]
[BlackElo "2510"]

1.e4 c5 2.Nf3 Nc6 3.d4 cxd4 4.Nxd4 Nf6 5.Nc3 d6 6.Bg5 Bd7 7.Qd2 h6 8.Bxf6 gxf6
9.O-O-O Nxd4 10.Qxd4 Qa5 11.f4 Rc8 12.Kb1 Qc5 13.Qd2 Bg7 14.Nd5 f5 15.e5 Be6
16.exd6 Qxd6 17.Bb5+ Kf8 18.Rhe1 Rc5 19.Nc7 Rxc7 20.Qb4 Bc3 21.Qxc3 Qxd1+
22.Rxd1 Rxc3 23.bxc3 Kg7 24.Kb2 Kf6 25.Be2 Rc8 26.Rd4 Rc7 27.g3 Bd7 28.Kb3 e6
29.Bf3 Ke7 30.Rd1 f6 31.c4 b6 32.Re1 Rc5 33.h3 Bc6 34.Be2 e5 35.Bd3 e4 36.g4 Kf7
37.Be2 Bd7 38.Rg1 Be6 39.Kc3 Ra5 40.Kd4 fxg4 41.hxg4 Rxa2 42.f5 Bd7 43.Kxe4 Rxc2
44.Ke3 Rc3+ 45.Kd4 Rb3 46.Ra1 a5 47.c5 Rb4+ 48.Bc4+ Ke7 49.cxb6 Rxb6 50.Rxa5 Rb2  1/2-1/2

[Event "6th V.Nabokov Mem"]
[Site "Kyiv UKR"]
[Date "2008.04.09"]
[Round "7"]
[White "Soltanici,R"]
[Black "Baryshpolets,A"]
[Result "1/2-1/2"]
[WhiteElo "2395"]
[BlackElo "2409"]

1.e4 c5 2.Nf3 d6 3.d4 cxd4 4.Nxd4 Nf6 5.Nc3 Nc6 6.Bg5 e6 7.Qd2 a6 8.O-O-O Bd7
9.f3 Be7 10.h4 h6 11.Be3 h5 12.Bg5 Ne5 13.f4 Neg4 14.Qe1 Qc7 15.Be2 Qc5 16.Bxg4 Nxg4
17.Bxe7 Kxe7 18.Qd2 Rad8 19.f5 Nf6 20.Qg5 Rhg8 21.Rhe1 Bc6 22.fxe6 fxe6 23.Nxc6+ bxc6
24.e5 dxe5 25.Rxd8 Kxd8 26.Ne4 Qe7 27.Qxe5 Ke8 28.Ng5 Kd7 29.Nxe6 Kc8 30.Qa5 Qb7
31.Nc5 Qb5 32.Qxa6+ Qxa6 33.Nxa6 g5 34.hxg5 Rxg5 35.Re6 Rf5 36.b4 Ng4 37.a4 Kd7
38.Re2 Ne5 39.Nc5+ Kd6 40.Kb2 Nc4+ 41.Kb3 Kd5 42.Ne4 Ne5 43.a5 Rf1 44.c4+ Kd4
45.Nd2 Rf5 46.Kc2 Rf4 47.Nb3+ Kxc4 48.Rxe5 Kxb4 49.a6 Rf2+ 50.Nd2 Rxg2 51.Re8 Rg7
52.Rb8+ Kc5 53.Rb7 Rg8 54.a7 Ra8 55.Kc3 h4 56.Nc4 h3 57.Rh7 Kb5 58.Rh5+ Ka6
59.Ra5+ Kb7 60.Rh5 Kxa7 61.Rxh3 Rd8 62.Kb4 Rd5 63.Rh6 Rb5+ 64.Ka4 Rc5 65.Kb4 Rb5+
66.Kc3 Rc5 67.Rh1 Kb7 68.Kb4 Rb5+ 69.Ka4 Rc5 70.Rh7+ Ka6 71.Na3 Ra5+ 72.Kb4 Rd5
73.Rh6 Kb7 74.Kc4 Kb6 75.Kb4 Kb7 76.Nc2 Kb6 77.Ne3 Rb5+ 78.Kc4 Ra5 79.Kb4 Kb7
80.Rh7+ Ka6 81.Rh6 Kb7 82.Nc2 Rb5+ 83.Kc4 Kb6 84.Nd4 Rc5+ 85.Kb4 Rc1 86.Nb3 Rd1
87.Rh8 Rd5 88.Rh7 Rb5+ 89.Kc4 Rd5 90.Rh6 Rb5 91.Nd4 Rc5+ 92.Kd3 Kb7 93.Ke4 Kb6
94.Rh1 Rc4 95.Kd3 Rc5 96.Rb1+ Ka6 97.Ke4 Ka7 98.Nf3 Rb5 99.Rc1 Kb7 100.Ne5 Rb6
101.Kf5 Kc7 102.Ke6 Ra6 103.Rh1 Ra2 104.Rh3 Rc2 105.Rh4 Kb7 106.Nc4 Rc1 107.Rd4 Rh1
108.Ne5 Kc7 109.Rd7+ Kb6 110.Rd2 Rh6+ 111.Ke7 Rh7+ 112.Nf7 Rh5  1/2-1/2

[Event "TCh-RUS w"]
[Site "Dagomys RUS"]
[Date "2008.04.10"]
[Round "8"]
[White "Korbut,E"]
[Black "Iljushina,O"]
[Result "1/2-1/2"]
[WhiteElo "2468"]
[BlackElo "2255"]

1.e4 c5 2.Nf3 Nc6 3.d4 cxd4 4.Nxd4 Nf6 5.Nc3 d6 6.Bg5 Qb6 7.Nb3 e6 8.Qd2 a6
9.Be2 Bd7 10.O-O Be7 11.Bxf6 gxf6 12.Bh5 O-O-O 13.Kh1 Ne5 14.f4 Ng6 15.a4 Rhg8
16.a5 Qc7 17.Nd4 Qc4 18.f5 Qc5 19.b4 Qxb4 20.fxg6 hxg6 21.Be2 Rh8 22.Nb3 d5
23.h3 dxe4 24.Qe3 f5 25.Rab1 Qd6 26.Nd2 Qc5 27.Qxc5+ Bxc5 28.Ndxe4 Bc6 29.Na4 Be3
30.Rb3 fxe4 31.Rxe3 Bxa4 32.Rxf7 Rd7 33.Rxd7 Kxd7 34.Rxe4 Bxc2 35.Rd4+ Ke7
36.Rb4 b5 37.axb6 a5 38.Rb5 Be4 39.Kg1 Rb8 40.Rxa5 Rxb6 41.Re5 Rb4 42.Bg4 Bd5
43.Re2 Ra4 44.Rf2 Ra2 45.Rxa2 Bxa2 46.h4 Bd5 47.g3 Kf6 48.Kf2 e5 49.Bd1 Be6
50.g4 g5 51.h5 Bxg4  1/2-1/2

[Event "82nd ch-ARG s/f"]
[Site "Buenos Aires ARG"]
[Date "2008.04.14"]
[Round "5"]
[White "De Dovitiis,A"]
[Black "Alonso,S"]
[Result "1/2-1/2"]
[WhiteElo "2337"]
[BlackElo "2420"]

1.e4 c5 2.Nf3 Nc6 3.d4 cxd4 4.Nxd4 Nf6 5.Nc3 d6 6.Bg5 e6 7.Qd2 Be7 8.O-O-O Nxd4
9.Qxd4 O-O 10.e5 dxe5 11.Qxe5 Bd7 12.h4 Qe8 13.Bd3 Bc6 14.Rh3 Nd7 15.Qe2 Nc5
16.Rg3 Nxd3+ 17.Rdxd3 Kh8 18.Bxe7 Qxe7 19.Qg4 f5 20.Qh5 e5 21.Nd5 Qf7 22.Qxf7 Rxf7
23.Rge3 Re8 24.g3 g6 25.f4 exf4 26.Rxe8+ Bxe8 27.Nxf4 Kg7 28.c4 h6 29.Kd2 g5
30.hxg5 hxg5 31.Ne6+ Kg6 32.Rd6 Kh5 33.Ke3 Kg4 34.Kf2 f4 35.gxf4 gxf4 36.Rd4 Bd7
37.Nc5 Bf5 38.Nd3 Bxd3 39.Rxd3 Rh7 40.Kg2 Rc7 41.b3 b5 42.Rd4 Rc5 43.a3 a5
44.Rd5 Rxd5 45.cxd5 Kf5 46.Kf3 Ke5 47.d6 Kxd6 48.Kxf4 Kd5  1/2-1/2

[Event "10th Open"]
[Site "Dubai UAE"]
[Date "2008.04.14"]
[Round "9"]
[White "Wang Li"]
[Black "Momeni,E"]
[Result "1-0"]
[WhiteElo "2407"]
[BlackElo "2253"]

1.e4 c5 2.Nf3 d6 3.d4 cxd4 4.Nxd4 Nf6 5.Nc3 Nc6 6.Bg5 e6 7.Qd2 Nxd4 8.Qxd4 Bd7
9.O-O-O Qa5 10.Bd2 Bc6 11.Kb1 Qc7 12.f3 a6 13.g4 b5 14.g5 Nd7 15.Qe3 Be7
16.h4 O-O 17.h5 Rfe8 18.g6 Bf6 19.Bd3 Ne5 20.Ne2 d5 21.Qf4 dxe4 22.fxe4 Rac8
23.gxh7+ Kh8 24.h6 Nxd3 25.hxg7+ Bxg7 26.Qxc7 Rxc7 27.cxd3 f5 28.Nf4 Bd4
29.Ng6+ Kg7 30.h8=Q+ Rxh8 31.Nxh8 fxe4 32.Rh4 e5 33.Rdh1 e3 34.Rg4+ Kf8 35.Bb4+  1-0

[Event "Gausdal Classics GMB"]
[Site "Gausdal NOR"]
[Date "2008.04.16"]
[Round "9"]
[White "Kadziolka,B"]
[Black "Peek,Mar"]
[Result "0-1"]
[WhiteElo "2326"]
[BlackElo "2389"]

1.e4 c5 2.Nf3 d6 3.d4 cxd4 4.Nxd4 Nf6 5.Nc3 Nc6 6.Bg5 e6 7.Bb5 Qb6 8.a4 Bd7
9.Nb3 a6 10.Be2 Na5 11.Nxa5 Qxa5 12.Bxf6 gxf6 13.Qd4 Rc8 14.Qxf6 Rg8 15.O-O Bg7
16.Qh4 Bxc3 17.bxc3 Rxc3 18.Bd3 Qg5 19.Qxg5 Rxg5 20.Rfb1 Bc6 21.f4 Ra5 22.Rb4 b5
23.Kf2 Rxa4 24.Rbxa4 bxa4 25.Ke3 f6 26.Kd2 Rc5 27.g3 Bb5 28.c3 Kd8 29.Bc2 Bc6
30.Bd3 Kc7 31.Bxa6 e5 32.fxe5 fxe5 33.Bd3 Ra5 34.Ke3 a3 35.Kd2 Kb6 36.c4 Kc5
37.Kc3 Bd7 38.Ra2 Be6 39.h4 Ra7 40.Be2 Rg7 41.g4 Bxg4 42.Bd3 Ra7 43.Bc2 Be6
44.Bd3 h6  0-1

[Event "Gausdal Classics GMB"]
[Site "Gausdal NOR"]
[Date "2008.04.16"]
[Round "9"]
[White "Pruess,D"]
[Black "Lindberg,Be"]
[Result "0-1"]
[WhiteElo "2425"]
[BlackElo "2442"]

1.e4 c5 2.Nf3 d6 3.d4 cxd4 4.Nxd4 Nf6 5.Nc3 Nc6 6.Bg5 e6 7.Qd2 a6 8.O-O-O Bd7
9.f3 Be7 10.h4 Rc8 11.g4 b5 12.Nxc6 Bxc6 13.Ne2 Nxe4 14.fxe4 Bxe4 15.Bxe7 Qxe7
16.Rh3 Rxc2+ 17.Qxc2 Bxc2 18.Kxc2 O-O 19.g5 f6 20.gxf6 Qxf6 21.Nc3 Qg6+ 22.Kb3 Qg4
23.Rh1 Rf3 24.Kc2 b4 25.Ne2 Rf2 26.Kd2 e5 27.Ke1 Qf3 28.Rg1 d5 29.Rc1 Qe3
30.Rc8+ Rf8 31.Rxf8+ Kxf8 32.Rg4 a5 33.Bg2 Qd3 34.Rg5 e4 35.Nf4 Qb1+ 36.Kf2 Qxb2+
37.Kg3 g6 38.Rxd5 e3 39.Nd3 Qxa2 40.Rb5 Qc4 41.Rb8+ Kg7 42.Rb7+ Kh6 43.Ne5 e2
44.Nxc4 e1=Q+ 45.Kf3 Qxh4 46.Ne3 Qf6+ 47.Ke4 Qe6+ 48.Kf4 Qd6+ 49.Kf3 a4 50.Ng4+ Kg5
51.Rb5+ Kh4 52.Ne3 a3 53.Nd5 Qg3+  0-1

[Event "10th North American FIDE Inv"]
[Site "Chicago USA"]
[Date "2008.04.19"]
[Round "2"]
[White "Shankar,G"]
[Black "Chow,A"]
[Result "1-0"]
[WhiteElo "2219"]
[BlackElo "2198"]

1.e4 c5 2.Nf3 d6 3.d4 cxd4 4.Nxd4 Nf6 5.Nc3 Nc6 6.Bg5 e6 7.Qd2 a6 8.O-O-O Bd7
9.f3 b5 10.Kb1 Be7 11.Be3 O-O 12.g4 Nxd4 13.Bxd4 Bc6 14.Bd3 b4 15.Ne2 a5
16.g5 Nd7 17.Rdg1 Qc7 18.h4 d5 19.h5 dxe4 20.Bxe4 Bxe4 21.fxe4 e5 22.Be3 Bc5
23.g6 Nf6 24.gxh7+ Kxh7 25.Bxc5 Qxc5 26.Rxg7+ Kxg7 27.Qg5+ Kh7 28.Qf5+ Kh8
29.Qxf6+ Kh7 30.h6 Rg8 31.Qxf7+ Kh8 32.Qf6+ Kh7 33.Qf5+ Kh8 34.Qf6+ Kh7 35.Rd1 Ra7
36.Qf5+ Kh8 37.Nf4  1-0